00477nam a2200121Ia 4500008004100000024006000041082001900101100007600120245007300196260002600269600002700295650003300322260210s9999 xx 000 0 und d a09B-102-EE, 09B-112-EE, 09B-139-EE & 09B-158-EE a668.412072 SHO aShoaib Ahmed Shamsi, Syed Salman Ali, Talha Shahid & Usman Bin Arif 0aEnergy and Production Monitoring System for Plastic Molding Machines aKarachi:bUITU,c2009 aElectronic Engineering aBachelor of Engineering (BE)